000 01048nam a2200217Ia 4500
999 _c50846
_d50846
001 17801
003 GE_BSU
005 20200224150136.0
008 181216s1982en xx |||||||||||||| ||eng||
040 _cGE_BSU
041 _aeng
080 _a353.03(73) P-97
245 _aPublic papers of the presidents of the United States Jimmy Carter 1980-81. book II
_b1980-81 (in tree books). book II -May 24 to september 26, 1980
264 _aWashington :
_bUnited States government printing office,
_c1982.
300 _a1948 p.:
_bill ;
_c26 cm.
653 _a1980-81 (in tree books). book II -May 24 to september 26, 1980
653 _aPublic papers of the presidents of the United States Jimmy Carter 1980-81.
653 _aშეერთებული შტატების პრეზიდენტების ჯიმი კარტერის საჯარო ფურცლები
653 _aსახელმწიფო ადმინისტრაციული მმართველობა
942 _cBK
_2udc